000 00299nam a22001337a 4500
008 170914b xxu||||| |||| 00| 0 eng d
020 _a9780415409285
041 _aeng
080 _24TH
_a7
100 _a44
101 _aART
245 _aINTRODUCTION TO FILM STUDIES
_cNELMES,J
942 _2udc
_cBK
999 _c27733
_d27733